Big City Endings (A-Z) Quiz Stats

 Plays Quiz Updated Aug 12, 2013

Challenge
Share
Tweet
Embed
Score 0/23 Timer 08:00
4 Plays Today
Ending letter City % Correct
KNew York, New York
98.4%
SLos Angeles, California
93.4%
OChicago, Illinois
88.6%
NHouston, Texas
80.2%
APhiladelphia, Pennsylvania
74.5%
XPhoenix, Arizona
73.1%
IMiami, Florida
73%
TDetroit, Michigan
62.9%
RDenver, Colorado
57.6%
DPortland, Oregon
52.1%
YOklahoma City, Oklahoma
48.2%
UHonolulu, Hawaii
39.9%
Ending letter City % Correct
ESan Jose, California
39.1%
LSt. Paul, Minnesota
36.5%
HFt. Worth, Texas
31.4%
MAnaheim, California
14.1%
GSt. Petersburg, Florida
12.9%
FFlagstaff, Arizona
10.5%
ZSanta Cruz, California
5.6%
BDeKalb, Illinois
4%
PPuyallup, Washington
2.5%
CPassaic, New Jersey
2%
WBroken Arrow, Oklahoma
1.6%

You're not logged in!

Compare scores with friends on all Sporcle quizzes.
Join for Free
OR
Log In

You Might Also Like...

Show Comments

Extras

Top Quizzes Today


Score Distribution

Your Account Isn't Verified!

In order to create a playlist on Sporcle, you need to verify the email address you used during registration. Go to your Sporcle Settings to finish the process.

Report this User

Report this user for behavior that violates our Community Guidelines.

Details: